000 00676cam a2200229 a 4500
999 _c109111
_d109111
001 12584930
005 20181127113304.0
008 011108s2001 miu 000 0aeng
020 _a0800793013
040 _cPK-LaUMT
082 0 0 _a266.0092
_221
_bAND-G
100 0 _aAndrew
245 1 0 _aGod's smuggler /
_cBrother Andrew with John and Elizabeth Sherrill
260 _aLondon. :
_bHodder & Stoughton,
_c2002
_creprinted 2005
300 _a292 p. ;
_c22 cm.
650 0 _aMissions
_zEurope, Eastern.
650 0 _aMissionaries
_zEurope, Eastern
650 0 _aMissionaries
_zNetherlands
700 1 _aSherrill, John L.
700 1 _aSherrill, Elizabeth.
942 _cBK